|
|
|
|
| LEADER |
00000nam a2200000Ii 4500 |
| 001 |
DIGAKAL0627 |
| 003 |
NyNyDIG |
| 008 |
220426s2020 sp ob 000 0 spa d |
| 006 |
m o d |
| 007 |
cr ||||||||||| |
| 035 |
|
|
|a (OCoLC)1319853678
|
| 040 |
|
|
|a DGITA
|b eng
|e rda
|e pn
|c DGITA
|
| 020 |
|
|
|a 9788446049753
|q eBook
|q ePub
|
| 020 |
|
|
|z 9788416842612
|
| 050 |
1 |
4 |
|a RA644.C67 ebook
|
| 082 |
0 |
4 |
|a 362.1962414
|
| 100 |
1 |
|
|a Filigrana, Pastora,
|e author.
|
| 245 |
1 |
0 |
|a Desafío :
|b el virus no es el único peligro /
|c Pastora Filigrana [and 3 others]
|
| 264 |
|
1 |
|a Madrid, España :
|b Akal,
|c [2020]
|
| 300 |
|
|
|a 1 online resource.
|
| 336 |
|
|
|a text
|b txt
|2 rdacontent
|
| 336 |
|
|
|a still image
|2 rdacontent
|
| 337 |
|
|
|a computer
|b c
|2 rdamedia
|
| 338 |
|
|
|a online resource
|b cr
|2 rdacarrier
|
| 347 |
|
|
|a text file
|2 rdaft
|
| 347 |
|
|
|b PDF
|
| 504 |
|
|
|a Includes bibliographical references.
|
| 588 |
0 |
|
|a Online resource; title from PDF title page (Digitalia, viewed Abril 26, 2022)
|
| 650 |
|
0 |
|a COVID-19 (Disease)
|x Social aspects.
|
| 650 |
|
0 |
|a COVID-19 (Disease)
|x Economic aspects.
|
| 655 |
|
0 |
|a Electronic books.
|
| 776 |
0 |
8 |
|i Print version:
|a Filigrana, Pastora.
|t Desafío.
|d Madrid, España : Akal, [2020]
|z 9788416842612
|
| 791 |
2 |
|
|a Digitalia (Firm),
|e distributor.
|
| 793 |
0 |
|
|g Digitalia eBook Collection:
|a Akal
|
| 856 |
4 |
0 |
|3 Digitalia Hispánica
|u https://www.digitaliapublishing.com/a/70754/
|
| 910 |
|
|
|a Premium collection: 2022
|